| 000 | 00824pam a2200229 a 4500 | ||
|---|---|---|---|
| 001 | 1597755 | ||
| 005 | 20180308033816.0 | ||
| 008 | 940802s1995 nyua 000 0aeng | ||
| 010 | _a 94029894 | ||
| 020 | _a0525938508 | ||
| 040 |
_aDLC _cDLC _dDLC |
||
| 041 | _aeng | ||
| 043 |
_an-us-ia _an-us--- |
||
| 080 | _a305.896073092 WIL | ||
| 082 | 0 | 0 |
_a305.896073092 WIL _aB _220 |
| 100 | 1 | _a50 | |
| 101 | _aSOC | ||
| 245 | 1 | 0 |
_aLife on the color line : _cGregory Howard Williams. |
| 906 |
_a7 _bcbc _corignew _d1 _eocip _f19 _gy-gencatlg |
||
| 942 |
_2ddc _cBK |
||
| 999 |
_c44379 _d44379 |
||